000 00529nam a2200181Ia 4500
008 220501s2018 xx 000 0 eng d
020 _a9789353061807
082 _a158.3 GLA-C
100 _aGladding, Samuel T.
245 0 _aCounseling :
_ba comprehensive profession /
_cSamuel T. Gladding and adapted by Promila Batra
250 _a8th ed.
260 _aNoida :
_bPearson,
_c2018.
300 _axxix, 744 p.;
650 _aCounseling
650 _aCounseling psychology
700 _aBatra, Promila
942 _2ddc
_cREF
_01
999 _c18205
_d18205